| 000 -LEADER |
| fixed length control field |
00967nam a22002177a 4500 |
| 003 - CONTROL NUMBER IDENTIFIER |
| control field |
OSt |
| 005 - DATE AND TIME OF LATEST TRANSACTION |
| control field |
20260124090719.0 |
| 008 - FIXED-LENGTH DATA ELEMENTS--GENERAL INFORMATION |
| fixed length control field |
230627b ||||| |||| 00| 0 eng d |
| 040 ## - CATALOGING SOURCE |
| Transcribing agency |
SSBUL |
| 041 ## - LANGUAGE CODE |
| Language code of text/sound track or separate title |
Shan |
| 082 ## - DEWEY DECIMAL CLASSIFICATION NUMBER |
| Edition number |
23 |
| Classification number |
923.2591 |
| 100 0# - MAIN ENTRY--PERSONAL NAME |
| Personal name |
ပိင်ႇၺႃႇၽေႃးၵ(တႃႈၵုင်ႈ)၊ |
| Titles and words associated with a name |
ၸဝ်ႈ။ |
| 245 10 - TITLE STATEMENT |
| Title |
ၽိုၼ်မၢႆတွင်း ၶၢဝ်းတၢင်းတူဝ်ထူပ်း ၽဝၵူၼ်းဢွၵ်ႇႁႃသွၼ်တၢင်းမေႃ / |
| Statement of responsibility, etc. |
ၸဝ်ႈပိင်ႇၺႃႇၽေႃးၵ(တႃႈၵုင်ႈ)။ |
| 260 ## - PUBLICATION, DISTRIBUTION, ETC. |
| Date of publication, distribution, etc. |
2006 ။ |
| 300 ## - PHYSICAL DESCRIPTION |
| Extent |
83 ၼႃႈ၊ |
| Other physical details |
ၶႅပ်းႁၢင်ႈ(သီ)၊ |
| Dimensions |
22 ၸိၼ်ႇတီႇ။ |
| 500 ## - GENERAL NOTE |
| General note |
S-SAT: Dr. Prof Sai Aung Tun |
| 650 ## - SUBJECT ADDED ENTRY--TOPICAL TERM |
| Topical term or geographic name entry element |
ထေႇရုပ်ႉပတ်ႉတိ - ၸဝ်ႈပိင်ႇၺႃႇၽေႃးၵ |
| 942 ## - ADDED ENTRY ELEMENTS (KOHA) |
| Koha item type |
Books (Long term) |
| 100 0# - MAIN ENTRY--PERSONAL NAME |
| 9 (RLIN) |
26856 |
| 650 ## - SUBJECT ADDED ENTRY--TOPICAL TERM |
| 9 (RLIN) |
26857 |
|
| Source of classification or shelving scheme |
|
|
| Source of classification or shelving scheme |
|